000 00650nam a2200253Ia 4500
008 160901s9999 xx 000 0 und d
020 _a0-619-06473-0
050 _aComSc QA 76.73
050 _b.C153Z35 2003
100 _aZak, Diane.
245 3 _aAn Introduction to programming with C++ /
245 _cDiane Zak.
250 _a3rd Edition
260 _aAustralia :
260 _bThomson Course Tech.,
260 _c2003
300 _a629 pages :
300 _bcol. ill. ;
300 _c28 cm.
300 _eCD-ROM
500 _aIncludes index.
650 _aC++ (Computer program language).
650 _xComputer programming.
999 _c300968
_d300968